Countries that have Recorded a Tornado - Statistics

General Stats
  • This quiz has been taken 34 times
  • The average score is 72 of 93
Answer Stats
Countries % Correct
Canada
100%
United States
100%
Mexico
97%
China
94%
Russia
94%
Brazil
90%
France
90%
Japan
90%
United Kingdom
90%
India
87%
New Zealand
87%
Portugal
87%
Thailand
87%
Argentina
84%
Chile
84%
Estonia
84%
Finland
84%
Germany
84%
Latvia
84%
Lithuania
84%
Luxembourg
84%
Norway
84%
Slovakia
84%
Slovenia
84%
South Africa
84%
South Korea
84%
Spain
84%
Sweden
84%
Switzerland
84%
Turkey
84%
Czech Republic
81%
Denmark
81%
Egypt
81%
Indonesia
81%
Italy
81%
Malaysia
81%
Netherlands
81%
Romania
81%
Saudi Arabia
81%
Algeria
77%
Bangladesh
77%
Belarus
77%
Belgium
77%
Bosnia & Herzegovina
77%
Cambodia
77%
Colombia
77%
Iceland
77%
Iraq
77%
Kosovo
77%
Libya
77%
Mongolia
77%
Morocco
77%
Oman
77%
Paraguay
77%
Serbia
77%
Ukraine
77%
Uruguay
77%
Albania
74%
Austria
74%
Cuba
74%
Ireland
74%
Israel
74%
Kazakhstan
74%
Lebanon
74%
North Macedonia
74%
Philippines
74%
Taiwan
74%
Tunisia
74%
United Arab Emirates
74%
Venezuela
74%
Vietnam
74%
Bulgaria
71%
Croatia
71%
Haiti
71%
Jordan
71%
Moldova
71%
Montenegro
71%
Syria
71%
Azerbaijan
68%
Democratic Republic of the Congo
68%
Georgia
68%
Myanmar
68%
Nicaragua
68%
Armenia
65%
Kyrgyzstan
65%
Madagascar
65%
Malta
65%
Qatar
65%
Honduras
61%
Turkmenistan
61%
Belize
58%
Cyprus
58%
Guinea
42%
No matching quizzes found
Score Distribution
Percent of People with Each Score
Percentile by Number Answered
Your Score History
You have not taken this quiz